| 000 | 00633nam a22001817a 4500 | ||
|---|---|---|---|
| 003 | CEME | ||
| 005 | 20210628203442.0 | ||
| 008 | 210122b xxu||||| |||| 00| 0 eng d | ||
| 020 | _a1-58053-775-8 | ||
| 040 | _c. | ||
| 082 | _a621.38412 FUN | ||
| 100 |
_aWood, John , Root, David .E _965565 |
||
| 245 | _aFundamentals of nonlinear behavioral modeling for rf and microwave design | ||
| 260 |
_aNEW YORK _bARTECH HOUSE _c2005 |
||
| 300 | _aXI, 218 P | ||
| 650 |
_aRADIO CIRCUITS - DESIGN AND CONSTRUCTION.MICROWAVE CIRCUITS - DESIGN AND CONSTRUCTION,NONLINEAR CIRCUITS - DESIGN AND CONSTRUCTION THEORIES _965566 |
||
| 942 |
_cBK _2ddc |
||
| 999 |
_c573731 _d573731 |
||